[Event "Las Palmas Insular-chT Honor 1718"]
[Site "Las Palmas"]
[Date "2017.12.16"]
[Round "4.3"]
[White "Ramirez Medina, Victor"]
[Black "Ramirez Gomez, Manuel"]
[Result "1-0"]
[WhiteElo "2256"]
[BlackElo "1742"]
[PlyCount "61"]
[EventDate "2017.10.28"]
[EventType "team-tourn"]
[EventRounds "9"]
[EventCountry "ESP"]
[SourceTitle "EXT 2019"]
[Source "ChessBase"]
[SourceDate "2018.10.10"]
[SourceVersion "1"]
[SourceVersionDate "2018.10.10"]
[SourceQuality "1"]
[WhiteTeam "Hotel Avda de Canarias"]
[BlackTeam "Tres W"]
[WhiteTeamCountry "ESP"]
[BlackTeamCountry "ESP"]

1. e4 d6 2. d4 g6 3. Nc3 Bg7 4. Bg5 Nf6 5. Qd2 0-0 6. 0-0-0 Nc6 7. Bh6 e5 8. Bxg7 Kxg7 9. d5 Ne7 10. f3 h5 11. h3 Rh8 12. f4 exf4 13. Qxf4 Nd7 14. Nf3 f6 15. Be2 Ne5 16. Nd4 g5 17. Qg3 h4 18. Qf2 N7g6 19. g3 hxg3 20. Qxg3 Rh4 21. Rdg1 Kf7 22. Rf1 Nf4 23. Bg4 Nxg4 24. Rxf4 Qh8 25. Rff1 Ne5 26. Ne6 Qh6 27. Kb1 Bxe6 28. dxe6+ Kxe6 29. Nd5 Rf8 30. Qb3 Kd7 31. Qxb7 1-0

[Event "Las Palmas Insular-chT Honor 1718"]
[Site "Las Palmas"]
[Date "2017.10.28"]
[Round "1.4"]
[White "Perez Guerra, Raul"]
[Black "Ramirez Gomez, Manuel"]
[Result "1-0"]
[WhiteElo "1821"]
[BlackElo "1742"]
[PlyCount "77"]
[EventDate "2017.10.28"]
[EventType "team-tourn"]
[EventRounds "9"]
[EventCountry "ESP"]
[SourceTitle "EXT 2019"]
[Source "ChessBase"]
[SourceDate "2018.10.10"]
[SourceVersion "1"]
[SourceVersionDate "2018.10.10"]
[SourceQuality "1"]
[WhiteTeam "Fundacion La Caja de Canarias"]
[BlackTeam "Tres W"]
[WhiteTeamCountry "ESP"]
[BlackTeamCountry "ESP"]

1. e4 d6 2. Nc3 g6 3. g3 Bg7 4. Bg2 Nf6 5. d3 Bg4 6. f3 Bd7 7. Bg5 Nc6 8. Nge2 Qc8 9. h4 h6 10. Be3 h5 11. Qd2 a5 12. Nf4 a4 13. d4 a3 14. b3 e5 15. dxe5 Nxe5 16. Nd3 Nc6 17. 0-0-0 Ra6 18. Nf4 Ne5 19. Nfd5 Be6 20. Nxf6+ Bxf6 21. Nd5 Bg7 22. Bg5 Nd7 23. Bf1 Bxd5 24. exd5 0-0 25. Bxa6 bxa6 26. Rde1 Nc5 27. Re7 Qb7 28. Be3 Bf6 29. Bxc5 Bxe7 30. Bxa3 Bf6 31. g4 hxg4 32. fxg4 Qb5 33. h5 Qd7 34. Qg2 Qe7 35. Bb2 a5 36. Qh3 Bxb2+ 37. Kxb2 Qf6+ 38. Qc3 Kg7 39. h6+ 1-0

[Event "Las Palmas Insular-chT Primera-A 1617"]
[Site "Las Palmas"]
[Date "2017.01.21"]
[Round "9.3"]
[White "Ramirez Gomez, Manuel"]
[Black "Hernandez Delgado, Christopher"]
[Result "0-1"]
[WhiteElo "1753"]
[BlackElo "1664"]
[PlyCount "80"]
[EventDate "2016.10.22"]
[EventType "team-tourn"]
[EventRounds "14"]
[EventCountry "ESP"]
[SourceTitle "EXT 2018"]
[Source "ChessBase"]
[SourceDate "2017.10.13"]
[SourceVersion "1"]
[SourceVersionDate "2017.10.13"]
[SourceQuality "1"]
[WhiteTeam "Tres W II"]
[BlackTeam "Hotel Avda de Canarias III"]
[WhiteTeamCountry "ESP"]
[BlackTeamCountry "ESP"]

1. b3 d5 2. e3 c5 3. Bb2 Nc6 4. Bb5 Bd7 5. f4 e6 6. Nf3 Nf6 7. 0-0 Be7 8. Nc3 Rc8 9. Bxc6 Bxc6 10. Ne5 d4 11. Nxc6 Rxc6 12. Ne2 dxe3 13. dxe3 Rd6 14. Qe1 0-0 15. Ng3 Qb6 16. Bxf6 Bxf6 17. Rd1 Rxd1 18. Qxd1 Rd8 19. Qg4 c4 20. Qf3 Be7 21. Kh1 Rd2 22. f5 e5 23. Qe4 Qc6 24. Qxc6 bxc6 25. bxc4 Rxc2 26. Rb1 Rxc4 27. Kg1 f6 28. Rb7 Bf8 29. Rb2 a5 30. Kf2 a4 31. Kf3 a3 32. Re2 Bb4 33. Ne4 Rc1 34. Nd2 Rc2 35. Nb3 Rb2 36. e4 c5 37. Ke3 c4 38. Nc1 Bc5+ 39. Kf3 Bd4 40. g4 Kf7 0-1

[Event "Gran Canaria Vecindario op 1st"]
[Site "Gran Canaria"]
[Date "2013.08.03"]
[Round "3"]
[White "Fernandez de la Hoz A, Carlos"]
[Black "Ramirez Gomez, Manuel"]
[Result "1-0"]
[WhiteElo "1865"]
[BlackElo "1867"]
[PlyCount "49"]
[EventDate "2013.08.01"]
[EventType "swiss"]
[EventRounds "7"]
[EventCountry "ESP"]
[SourceTitle "EXT 2015"]
[Source "ChessBase"]
[SourceDate "2014.11.20"]
[SourceVersion "1"]
[SourceVersionDate "2014.11.20"]
[SourceQuality "1"]

1. e4 d6 2. Bc4 Nf6 3. d4 g6 4. f3 Bg7 5. Nc3 0-0 6. Be3 Nc6 7. Qd2 e5 8. d5 Nb8 9. Rd1 a6 10. a4 Nbd7 11. Nge2 h5 12. Bg5 Qe8 13. b4 Kh7 14. 0-0 Ng8 15. Bd3 f6 16. Be3 f5 17. exf5 gxf5 18. g4 hxg4 19. Ng3 e4 20. fxe4 Ne5 21. exf5 Nf3+ 22. Rxf3 gxf3 23. f6+ Kh8 24. fxg7+ Kxg7 25. Bd4+ 1-0

[Event "Gran Canaria Vecindario op 1st"]
[Site "Gran Canaria"]
[Date "2013.08.01"]
[Round "1"]
[White "Agejas Garcia, Diego"]
[Black "Ramirez Gomez, Manuel"]
[Result "0-1"]
[WhiteElo "1353"]
[BlackElo "1867"]
[PlyCount "53"]
[EventDate "2013.08.01"]
[EventType "swiss"]
[EventRounds "7"]
[EventCountry "ESP"]
[SourceTitle "EXT 2015"]
[Source "ChessBase"]
[SourceDate "2014.11.20"]
[SourceVersion "1"]
[SourceVersionDate "2014.11.20"]
[SourceQuality "1"]

1. d4 Nf6 2. Nf3 g6 3. e3 Bg7 4. Bd3 d6 5. Nbd2 Nbd7 6. 0-0 0-0 7. Re1 e5 8. Ne4 Nxe4 9. Bxe4 Nf6 10. Qd3 d5 11. dxe5 Nxe4 12. c4 c6 13. cxd5 cxd5 14. Rd1 Be6 15. h4 h5 16. b4 Qb6 17. a3 Rac8 18. Bb2 a6 19. Bd4 Qb5 20. Qxb5 axb5 21. Rd3 Rc4 22. Rf1 Rfc8 23. Kh2 Rc1 24. Rxc1 Rxc1 25. g3 Nxf2 26. Rd2 Ne4 27. Rd3 0-1

[Event "Las Palmas Capablanca Memorial 1st"]
[Site "Las Palmas"]
[Date "2013.05.21"]
[Round "7"]
[White "Lorenzo Perez, Raul"]
[Black "Ramirez Gomez, Manuel"]
[Result "1/2-1/2"]
[WhiteElo "1745"]
[BlackElo "1877"]
[PlyCount "89"]
[EventDate "2013.04.30"]
[EventType "swiss"]
[EventRounds "7"]
[EventCountry "ESP"]
[SourceTitle "EXT 2024"]
[Source "ChessBase"]
[SourceDate "2023.10.10"]
[SourceVersion "1"]
[SourceVersionDate "2023.10.10"]
[SourceQuality "1"]

1. d4 Nf6 2. c4 e6 3. Nc3 Bb4 4. Nf3 Ne4 5. Qc2 f5 6. e3 0-0 7. Be2 c6 8. 0-0 d5 9. Bd2 Nxd2 10. Qxd2 Nd7 11. a3 Bd6 12. b4 Nf6 13. cxd5 exd5 14. b5 Ne4 15. Qb2 Qf6 16. bxc6 bxc6 17. Qc2 Bd7 18. Rfc1 g5 19. Bd3 g4 20. Ne1 h5 21. f3 Nxc3 22. Qxc3 f4 23. e4 dxe4 24. Bxe4 Rac8 25. Rab1 c5 26. d5 Qxc3 27. Rxc3 Rb8 28. Rcc1 Bb5 29. Bg6 gxf3 30. Nxf3 Kg7 31. Bxh5 Rf5 32. Bg4 Rxd5 33. Be6 Rd3 34. a4 Bc6 35. Rxb8 Bxb8 36. Rxc5 Bxf3 37. gxf3 Rxf3 38. Kg2 Re3 39. Bd7 Be5 40. Rc4 Kf6 41. h4 Rd3 42. Bc8 Rd2+ 43. Kf3 Rd3+ 44. Kf2 Rd2+ 45. Kf3 1/2-1/2

[Event "Las Palmas Capablanca Memorial 1st"]
[Site "Las Palmas"]
[Date "2013.05.17"]
[Round "6"]
[White "Ramirez Gomez, Manuel"]
[Black "Julien Casteleiro, Ariel"]
[Result "1/2-1/2"]
[WhiteElo "1877"]
[BlackElo "1586"]
[PlyCount "109"]
[EventDate "2013.04.30"]
[EventType "swiss"]
[EventRounds "7"]
[EventCountry "ESP"]
[SourceTitle "EXT 2024"]
[Source "ChessBase"]
[SourceDate "2023.10.10"]
[SourceVersion "1"]
[SourceVersionDate "2023.10.10"]
[SourceQuality "1"]

1. b3 Nf6 2. Bb2 g6 3. Bxf6 exf6 4. c4 Bg7 5. Nc3 c6 6. e3 d5 7. cxd5 cxd5 8. Nf3 0-0 9. Be2 Nc6 10. d4 Be6 11. 0-0 a6 12. Rc1 Ne7 13. Qd2 b5 14. Ne1 Qd6 15. Nd3 Rfc8 16. Nc5 Nf5 17. Rc2 Nh6 18. Rfc1 Bf5 19. e4 dxe4 20. N3xe4 Qb8 21. Bf3 Ng4 22. Bxg4 Bxg4 23. f3 Bf5 24. d5 Qb6 25. Kh1 Bf8 26. d6 Rd8 27. Nxf6+ Kh8 28. Nce4 Rxd6 29. Nxd6 Qxd6 30. Qxd6 Bxd6 31. Rc6 Be5 32. Ne4 Kg7 33. g4 Be6 34. Rd1 Bf4 35. Kg2 h5 36. h3 hxg4 37. hxg4 Rh8 38. Ng3 Ra8 39. Ne2 Be5 40. Kf2 b4 41. f4 Bb2 42. Kf3 a5 43. Rcd6 a4 44. Nd4 Bc8 45. Rb6 Bc3 46. Nb5 axb3 47. axb3 Be6 48. Nc7 Bxb3 49. Nxa8 Bxd1+ 50. Ke4 Bxg4 51. Nc7 Bf5+ 52. Kd5 Bd2 53. Kc4 Bxf4 54. Nd5 Bd2 55. Nxb4 1/2-1/2

[Event "Las Palmas Capablanca Memorial 1st"]
[Site "Las Palmas"]
[Date "2013.05.14"]
[Round "5"]
[White "Camino Carrio, Nicanor"]
[Black "Ramirez Gomez, Manuel"]
[Result "1-0"]
[WhiteElo "2025"]
[BlackElo "1877"]
[PlyCount "49"]
[EventDate "2013.04.30"]
[EventType "swiss"]
[EventRounds "7"]
[EventCountry "ESP"]
[SourceTitle "EXT 2024"]
[Source "ChessBase"]
[SourceDate "2023.10.10"]
[SourceVersion "1"]
[SourceVersionDate "2023.10.10"]
[SourceQuality "1"]

1. e4 e5 2. Nf3 Nc6 3. Bb5 Nf6 4. 0-0 d6 5. d4 exd4 6. Nxd4 Bd7 7. Nc3 a6 8. Bxc6 bxc6 9. Nf5 g6 10. Re1 Be6 11. Bg5 h6 12. Bh4 g5 13. Bg3 Bxf5 14. exf5+ Kd7 15. Qd4 Rg8 16. Rad1 h5 17. Be5 Be7 18. Qc4 Qf8 19. Bxf6 Bxf6 20. Ne4 Bd8 21. Qa4 Kc8 22. Qxc6 Ra7 23. Nxd6+ Kb8 24. Re8 Qg7 25. Qd7 1-0

[Event "Las Palmas Capablanca Memorial 1st"]
[Site "Las Palmas"]
[Date "2013.04.30"]
[Round "1"]
[White "Ramirez Gomez, Manuel"]
[Black "Gonzalez Ortega, Pino"]
[Result "1-0"]
[WhiteElo "1877"]
[BlackElo "1344"]
[PlyCount "39"]
[EventDate "2013.04.30"]
[EventType "swiss"]
[EventRounds "7"]
[EventCountry "ESP"]
[SourceTitle "EXT 2024"]
[Source "ChessBase"]
[SourceDate "2023.10.10"]
[SourceVersion "1"]
[SourceVersionDate "2023.10.10"]
[SourceQuality "1"]

1. b3 d6 2. Bb2 e5 3. e3 Nc6 4. Bb5 Bd7 5. Ne2 Nge7 6. 0-0 f6 7. f4 g6 8. Nbc3 Bg4 9. Ne4 Bg7 10. fxe5 fxe5 11. Nf6+ Bxf6 12. Rxf6 Qd7 13. d4 Nd5 14. Rf2 Nxe3 15. Qd2 Bxe2 16. Rxe2 Nd5 17. dxe5 Nde7 18. e6 Qd8 19. Bxh8 Ng8 20. Qc3 1-0

[Event "Gran Canaria Cabildo op"]
[Site "Gran Canaria"]
[Date "2013.01.24"]
[Round "5"]
[White "Biscarri Candalia, Oscar"]
[Black "Ramirez Gomez, Manuel"]
[Result "0-1"]
[WhiteElo "1535"]
[BlackElo "1877"]
[PlyCount "120"]
[EventDate "2013.01.10"]
[EventType "swiss"]
[EventRounds "7"]
[EventCountry "ESP"]
[SourceTitle "CBM 152 Extra"]
[Source "ChessBase"]
[SourceDate "2013.02.25"]
[SourceVersion "1"]
[SourceVersionDate "2013.02.25"]
[SourceQuality "1"]

1. d4 Nf6 2. c4 g6 3. Qc2 Bg7 4. Nf3 d6 5. Nc3 0-0 6. e4 Nbd7 7. Be2 c6 8. 0-0 Qc7 9. Bf4 Nh5 10. Bg3 Nxg3 11. fxg3 e5 12. d5 Qb6+ 13. Kh1 c5 14. Rab1 a6 15. b3 Qd8 16. Kg1 Nf6 17. Nh4 Ng4 18. Bxg4 Bxg4 19. Nf3 Qe8 20. h3 Bd7 21. Na4 Qd8 22. Nb2 b5 23. Nd1 b4 24. Qd2 a5 25. Kh1 a4 26. Rf2 Qe7 27. Ne3 axb3 28. axb3 Ra3 29. Nc2 Ra2 30. Qc1 Rfa8 31. Ra1 Qd8 32. Rxa2 Rxa2 33. Qb1 Qa8 34. Ng5 Be8 35. Nf3 Ra7 36. Ng1 Bd7 37. g4 Bh6 38. Ne2 Qd8 39. Kh2 Qa5 40. Rf6 Ra6 41. Qf1 Be8 42. Qb1 Bg5 43. Rf1 Qa2 44. Kg3 Qxb1 45. Rxb1 Ra2 46. h4 Rxc2 47. hxg5 Rxe2 48. Kf3 Ra2 49. Kg3 Kg7 50. Rf1 Rb2 51. Rf3 Rc2 52. Kh2 Re2 53. Rf6 Re3 54. Rxd6 Rxb3 55. Rd8 Kf8 56. Rc8 Rc3 57. d6 Rd3 58. d7 Rxd7 59. Rxc5 Rb7 60. Rd5 b3 0-1

[Event "Las Palmas Insular-chT Primera-A"]
[Site "Las Palmas"]
[Date "2012.12.01"]
[Round "3.4"]
[White "Sanchez Perez, Pedro Javier"]
[Black "Ramirez Gomez, Manuel"]
[Result "1-0"]
[WhiteElo "1998"]
[BlackElo "1873"]
[PlyCount "89"]
[EventDate "2012.11.10"]
[EventType "team-tourn"]
[EventRounds "14"]
[EventCountry "ESP"]
[SourceTitle "EXT 2014"]
[Source "ChessBase"]
[SourceDate "2013.11.20"]
[SourceVersion "1"]
[SourceVersionDate "2013.11.20"]
[SourceQuality "1"]
[WhiteTeam "La Bagacera"]
[BlackTeam "Cajota 64"]
[WhiteTeamCountry "ESP"]
[BlackTeamCountry "ESP"]

1. e4 d6 2. Nf3 g6 3. d4 Bg7 4. c3 Nf6 5. e5 dxe5 6. Nxe5 Nbd7 7. Bf4 0-0 8. Nd2 c5 9. Nxd7 Nxd7 10. dxc5 Nxc5 11. Bc4 Nd3+ 12. Bxd3 Qxd3 13. Qe2 Bf5 14. Rd1 Rad8 15. Nb3 Qxd1+ 16. Qxd1 Rxd1+ 17. Kxd1 Rd8+ 18. Kc1 e5 19. Be3 b6 20. Rd1 Rxd1+ 21. Kxd1 Be6 22. Kc2 f5 23. f3 Bc4 24. Nd2 Ba6 25. c4 Bf8 26. Kc3 Kf7 27. b4 Ke6 28. c5 bxc5 29. bxc5 Kd5 30. Nb3 Be7 31. c6 Kxc6 32. Bxa7 Bf1 33. g3 Be2 34. f4 exf4 35. Nd4+ Kd5 36. Nxe2 f3 37. Nc1 Ke4 38. Nd3 Bf6+ 39. Kc4 h5 40. Nf2+ Ke5 41. Bd4+ Ke6 42. Bxf6 Kxf6 43. a4 Ke6 44. Kc5 Kd7 45. h4 1-0

[Event "Arucas op 8th"]
[Site "Arucas"]
[Date "2012.06.19"]
[Round "2"]
[White "Ramirez Gomez, Manuel"]
[Black "Alvarado Diaz, Alejandro"]
[Result "0-1"]
[WhiteElo "1909"]
[BlackElo "2243"]
[PlyCount "58"]
[EventDate "2012.06.18"]
[EventType "swiss"]
[EventRounds "6"]
[EventCountry "ESP"]
[SourceTitle "CBM 149 Extra"]
[Source "ChessBase"]
[SourceDate "2012.08.24"]
[SourceVersion "1"]
[SourceVersionDate "2012.08.24"]
[SourceQuality "1"]

1. e4 c5 2. Nf3 e6 3. d4 cxd4 4. Nxd4 a6 5. Bd3 Ne7 6. 0-0 Nbc6 7. c3 Qc7 8. Nd2 g6 9. N2f3 Bg7 10. Bg5 0-0 11. Qd2 Re8 12. Bh6 Bh8 13. Rfe1 d6 14. Rad1 Bd7 15. h4 d5 16. h5 Nxd4 17. cxd4 dxe4 18. Bxe4 Bc6 19. hxg6 hxg6 20. Qg5 Rad8 21. Bxc6 Nxc6 22. Qg4 Rd5 23. Bf4 Qa5 24. Ng5 Nxd4 25. Qh4 Bg7 26. Qh7+ Kf8 27. b4 Qd8 28. Be5 Rxe5 29. Rxe5 Ne2+ 0-1

[Event "Las Palmas Insular-chT Primera-A"]
[Site "Las Palmas"]
[Date "2012.01.28"]
[Round "7.3"]
[White "Ramirez Gomez, Manuel"]
[Black "Mena Trujillo, Yeray"]
[Result "0-1"]
[WhiteElo "1925"]
[BlackElo "1774"]
[PlyCount "93"]
[EventDate "2011.11.12"]
[EventType "team-tourn"]
[EventRounds "14"]
[EventCountry "ESP"]
[SourceTitle "EXT 2013"]
[Source "ChessBase"]
[SourceDate "2012.11.22"]
[SourceVersion "1"]
[SourceVersionDate "2012.11.22"]
[SourceQuality "1"]
[WhiteTeam "Cajota 64"]
[BlackTeam "Telde Los Llanos"]
[WhiteTeamCountry "ESP"]
[BlackTeamCountry "ESP"]

1. d4 Nf6 2. c4 g6 3. Nf3 Bg7 4. Nc3 0-0 5. e4 d6 6. Be2 Nc6 7. 0-0 e5 8. d5 Ne7 9. h3 Nh5 10. Nh2 Nf4 11. Bxf4 exf4 12. Bd3 f5 13. Re1 fxe4 14. Bxe4 Nf5 15. Bxf5 Bxf5 16. f3 Qf6 17. Ng4 Bxg4 18. hxg4 Rae8 19. Qd2 a6 20. Re4 Rxe4 21. Nxe4 Qxb2 22. Qxb2 Bxb2 23. Rb1 Bd4+ 24. Kf1 Bb6 25. Ke2 h6 26. a4 a5 27. Kd3 Kf7 28. Rb5 Re8 29. Rb1 Re5 30. Rb2 Re7 31. Re2 Be3 32. g3 g5 33. gxf4 Bxf4 34. Rb2 b6 35. Re2 Kg6 36. Nc3 Rxe2 37. Kxe2 Be5 38. Nb5 h5 39. gxh5+ Kxh5 40. Kd3 Kh4 41. Nxc7 Kg3 42. Ke4 Bc3 43. Ne6 g4 44. fxg4 Kxg4 45. Ng7 Bxg7 46. Kd3 Kf3 47. Kd2 0-1